| 000 | 00811nam a2200217 a 4500 | ||
|---|---|---|---|
| 001 | 62363 | ||
| 005 | 20180714064343.0 | ||
| 008 | 150407s2006 xxu 000 0 spa d | ||
| 020 | _a978-1-58023-306-4 | ||
| 082 | 0 |
_a296.375 _bNEL |
|
| 100 | 1 |
_aNelson, Rabbi David W. _eautor |
|
| 245 | 1 | 0 |
_aJudaism, physics and god : _bsearching for Sacred Metaphors in a Post-Einstein World / _cRabbi David W. Nelson. |
| 264 | 1 |
_aEstados Unidos de América : _bJewish Lights Publishing; _c2006 |
|
| 300 |
_axxxviii, 304 páginas : _bilustraciones ; _c23 cm. |
||
| 336 |
_atexto _2rdacontent |
||
| 337 |
_asin mediación _2rdamedia |
||
| 338 |
_avolúmen _2rdacarrier |
||
| 650 | 0 | _aJudaismo y ciencia | |
| 650 | 0 |
_aFísica _xAspectos religiosos _xJudaismo |
|
| 650 | 0 |
_aMetafora _xAspectos religosos _xJudaismo |
|
| 999 |
_c62363 _d62363 |
||